Highlights in gravitation and cosmology (Record no. 9718)
[ view plain ]
| 000 -LEADER | |
|---|---|
| fixed length control field | 00979nam a2200241Ia 4500 |
| 003 - CONTROL NUMBER IDENTIFIER | |
| control field | IN-BaIIA |
| 008 - FIXED-LENGTH DATA ELEMENTS--GENERAL INFORMATION | |
| fixed length control field | 211028s9999 xx 000 0 eng d |
| 020 ## - INTERNATIONAL STANDARD BOOK NUMBER | |
| International Standard Book Number | 0-521-36125-7 |
| 040 ## - CATALOGING SOURCE | |
| Transcribing agency | IIA Library |
| 080 ## - UNIVERSAL DECIMAL CLASSIFICATION NUMBER | |
| Universal Decimal Classification number | 524.834(082.2) |
| Item number | HIG |
| 100 ## - MAIN ENTRY--PERSONAL NAME | |
| Personal name | Iyer, B. R. |
| 9 (RLIN) | 16433 |
| 111 ## - MAIN ENTRY--MEETING NAME | |
| Meeting name or jurisdiction name as entry element | International Conference on Highlights in Gravitation and Cosmology |
| Location of meeting | Goa, India |
| Date of meeting or treaty signing | 1987 Dec. 14 - 19 |
| 9 (RLIN) | 16434 |
| 245 #0 - TITLE STATEMENT | |
| Title | Highlights in gravitation and cosmology |
| Remainder of title | proceedings of the international conference on highlights in gravitation and cosmology, held in Goa, India, 14 - 19 December, 1987 |
| Statement of responsibility, etc. | Iyer, B. R…[et al.] |
| 260 ## - PUBLICATION, DISTRIBUTION, ETC. | |
| Place of publication, distribution, etc. | Cambridge |
| Name of publisher, distributor, etc. | Cambridge University Press |
| Date of publication, distribution, etc. | 1988 |
| 300 ## - PHYSICAL DESCRIPTION | |
| Extent | xviii, 441p. |
| 650 ## - SUBJECT ADDED ENTRY--TOPICAL TERM | |
| Topical term or geographic name entry element | Astronomy and astrophysics thesaurus |
| 650 ## - SUBJECT ADDED ENTRY--TOPICAL TERM | |
| Topical term or geographic name entry element | Cosmology |
| 650 ## - SUBJECT ADDED ENTRY--TOPICAL TERM | |
| Topical term or geographic name entry element | Gravitation |
| 700 ## - ADDED ENTRY--PERSONAL NAME | |
| Personal name | Kembhavi, Ajit |
| 9 (RLIN) | 16435 |
| 700 ## - ADDED ENTRY--PERSONAL NAME | |
| Personal name | Narlikar, Jayant V |
| 9 (RLIN) | 12567 |
| 700 ## - ADDED ENTRY--PERSONAL NAME | |
| Personal name | Vishveshwara, C. V., |
| 9 (RLIN) | 16436 |
| 942 ## - ADDED ENTRY ELEMENTS (KOHA) | |
| Koha item type | Books |
| Withdrawn status | Lost status | Damaged status | Not for loan | Home library | Current library | Shelving location | Date acquired | Total Checkouts | Full call number | Barcode | Date last seen | Price effective from | Koha item type |
|---|---|---|---|---|---|---|---|---|---|---|---|---|---|
| IIA Library-Bangalore | IIA Library-Bangalore | General Stacks | 524.834(082.2)/ HIG | 10628 | 05/11/2021 | Books |